000 00642nam a2200217 a 4500
001 BRL_226
005 20190320210638.0
008 250213s1980----nq-ab#####---#000-0#spa-#
041 _aspa
044 _anq
050 4 _aF1526.25
_b.P47 1980
100 1 _aPérez Estrada, Francisco
_923291
245 1 0 _aHistoria precolonial de Nicaragua
_cFrancisco Pérez Estrada.
260 _a[Nicaragua]
_bNueva Nicaragua, Ministerio de Cultura
_c1980
300 _a41 p.
_bil., mapas
_c18 cm.
500 _aAu202
651 4 _aNicaragua
_xHistoria
_ya 1838
_923292
651 4 _aNicaragua
_xMiscelánea
_ya 1838
_923293
902 _aGRL
942 _2lcc
_cB
999 _c9039
_d9039